Normal view
MARC view
- Irfan, Muhammad (MSIS-12)
Entry Personal Name
001 - CONTROL NUMBER
- control field: 121078
003 - CONTROL NUMBER IDENTIFIER
- control field: NUST
005 - DATE AND TIME OF LATEST TRANSACTION
- control field: 20240222114817.0
008 - FIXED-LENGTH DATA ELEMENTS
- fixed length control field: 240222|| aca||aabn | a|a d
040 ## - CATALOGING SOURCE
- Original cataloging agency: NUST
- Transcribing agency: NUST
100 ## - HEADING--PERSONAL NAME
- Personal name: Irfan, Muhammad (MSIS-12)
670 ## - SOURCE DATA FOUND
- Source citation: Work cat.: (NUST): Irfan, Muhammad (MSIS-12), Feasibility Analysis for Incorporating/ Deploying Siem for Forensic Evicence Collection in Cloud Environment / , Aug, 2016
